[Event "Edmonton Octob op"]
[Site "Edmonton"]
[Date "2005.10.28"]
[Round "1"]
[White "Kazakevich, Anastasia"]
[Black "Haessel, Dale R"]
[Result "0-1"]
[WhiteElo "2029"]
[BlackElo "2255"]
[PlyCount "128"]
[EventDate "2005.10.28"]
[EventType "swiss"]
[EventRounds "5"]
[EventCountry "CAN"]
[SourceTitle "EXT 2008"]
[Source "ChessBase"]
[SourceDate "2007.11.25"]
[SourceVersion "1"]
[SourceVersionDate "2007.11.25"]
[SourceQuality "1"]

1. d4 Nf6 2. c4 g6 3. Nc3 d5 4. cxd5 Nxd5 5. e4 Nxc3 6. bxc3 Bg7 7. Bc4 c5 8. Ne2 cxd4 9. cxd4 Nc6 10. Be3 0-0 11. 0-0 Bg4 12. f3 Na5 13. Bd5 e6 14. Bb3 Bh5 15. g4 Bxg4 16. fxg4 Qh4 17. Ng3 Rad8 18. e5 Bxe5 19. Qe1 Nxb3 20. axb3 Rxd4 21. Bf2 Bxg3 22. Bxg3 Qxg4 23. Ra4 Rxa4 24. bxa4 Qxa4 25. Qe5 Rd8 26. Qc7 Qd7 27. Rb1 b6 28. Ra1 Qd4+ 29. Kg2 Qe4+ 30. Kg1 Qd4+ 31. Kg2 Qb2+ 32. Bf2 Rd2 33. Rf1 Rd5 34. Kg1 Rg5+ 35. Bg3 Qd4+ 36. Rf2 Rf5 37. Qb8+ Kg7 38. Qxa7 h5 39. Kg2 h4 40. Rxf5 exf5 41. Bf2 h3+ 42. Kf1 Qd1+ 43. Be1 Qd3+ 44. Kf2 Qd4+ 45. Ke2 g5 46. Qc7 Kg6 47. Qc6+ Kh5 48. Qc7 Qe4+ 49. Kd1 Qd5+ 50. Bd2 Qb3+ 51. Ke2 Qe6+ 52. Kd1 f4 53. Qc3 Kg4 54. Qd3 f5 55. Qf1 Qb3+ 56. Kc1 Qf3 57. Qg1+ Kh5 58. Qxb6 Qh1+ 59. Kc2 Qxh2 60. Qe6 Kg4 61. Kc3 Qg3+ 62. Kc2 Qg2 63. Kc3 h2 64. Bxf4 h1Q 0-1

[Event "Wch U18 Girls"]
[Site "Belfort"]
[Date "2005.07.21"]
[Round "3"]
[White "Savurko, Alexandra"]
[Black "Kazakevich, Anastasia"]
[Result "0-1"]
[WhiteElo "2138"]
[BlackElo "1960"]
[PlyCount "94"]
[EventDate "2005.07.19"]
[EventType "swiss"]
[EventRounds "11"]
[EventCountry "FRA"]
[SourceTitle "CBM 107 Extra"]
[Source "ChessBase"]
[SourceDate "2005.09.01"]
[SourceVersion "1"]
[SourceVersionDate "2005.09.01"]
[SourceQuality "1"]

1. d4 d5 2. c4 c6 3. Nf3 e6 4. e3 Nf6 5. Nc3 Be7 6. Qc2 0-0 7. Bd3 Nbd7 8. 0-0 b6 9. e4 dxe4 10. Nxe4 Bb7 11. Ne5 h6 12. Be3 c5 13. Nxd7 Qxd7 14. Nxf6+ Bxf6 15. dxc5 bxc5 16. Rad1 Qc7 17. f4 Rad8 18. f5 exf5 19. Qf2 Bd4 20. Bxd4 Rxd4 21. Qxf5 g6 22. Qh3 Kg7 23. Be2 Rfd8 24. Rxd4 Rxd4 25. Qc3 Qe5 26. Bf3 Bxf3 27. Qxf3 Qe6 28. b3 Re4 29. h3 Re2 30. Rf2 Rxf2 31. Kxf2 Qe5 32. a4 Qf6 33. Ke3 Qxf3+ 34. Kxf3 Kf6 35. Ke4 Ke6 36. g4 a5 37. Kf4 f5 38. gxf5+ gxf5 39. h4 Kf6 40. h5 Ke6 41. Kf3 Ke5 42. Ke3 f4+ 43. Kf3 Kf5 44. Kf2 Ke4 45. Ke2 f3+ 46. Kf2 Kf4 47. Kf1 Ke3 0-1

[Event "University of Alberta op"]
[Site "Edmonton"]
[Date "2005.05.07"]
[Round "3"]
[White "Kazakevich, Anastasia"]
[Black "Kazakevich, Alexander"]
[Result "1-0"]
[WhiteElo "1999"]
[BlackElo "1591"]
[PlyCount "77"]
[EventDate "2005.05.07"]
[EventType "swiss"]
[EventRounds "5"]
[EventCountry "CAN"]
[SourceTitle "CBM 106 Extra"]
[Source "ChessBase"]
[SourceDate "2005.07.01"]
[SourceVersion "1"]
[SourceVersionDate "2005.07.01"]
[SourceQuality "1"]

1. d4 d5 2. c4 Nf6 3. Nc3 c6 4. e3 e6 5. Nf3 Be7 6. Be2 0-0 7. 0-0 b6 8. a3 Bb7 9. cxd5 exd5 10. b4 Nbd7 11. Bb2 Rc8 12. Rc1 c5 13. dxc5 bxc5 14. bxc5 Bxc5 15. Nd4 Bxd4 16. Qxd4 Nb6 17. Na4 Nxa4 18. Qxa4 Qe7 19. Qxa7 Rc7 20. Rxc7 Qxc7 21. Rc1 Qd7 22. Bxf6 gxf6 23. Rb1 Bc6 24. Qxd7 Bxd7 25. Bf3 Be6 26. Ra1 Rd8 27. a4 d4 28. exd4 Rxd4 29. a5 Bd5 30. Bxd5 Rxd5 31. a6 Rd8 32. a7 Ra8 33. Kf1 Kf8 34. Ke2 Ke7 35. Ke3 Kd7 36. Ke4 Ke7 37. Kf5 h6 38. h4 h5 39. g3 1-0

[Event "Used to be the U of A op"]
[Site "Edmonton"]
[Date "2004.05.09"]
[Round "4"]
[White "Kazakevich, Anastasia"]
[Black "Gardner, Robert"]
[Result "1/2-1/2"]
[WhiteElo "1922"]
[BlackElo "2275"]
[PlyCount "62"]
[EventDate "2004.05.08"]
[EventType "swiss"]
[EventRounds "5"]
[EventCountry "CAN"]
[SourceTitle "EXT 2006"]
[Source "ChessBase"]
[SourceDate "2005.11.24"]
[SourceVersion "1"]
[SourceVersionDate "2005.11.24"]
[SourceQuality "1"]

1. d4 f5 2. c4 Nf6 3. g3 g6 4. Bg2 d6 5. Nf3 Bg7 6. 0-0 0-0 7. Nc3 Nc6 8. b3 e5 9. dxe5 dxe5 10. Ba3 Re8 11. Qxd8 Rxd8 12. Rad1 Rxd1 13. Rxd1 e4 14. Ng5 h6 15. Nh3 g5 16. f3 exf3 17. exf3 Be6 18. f4 Ng4 19. Nb5 Rc8 20. Bxc6 bxc6 21. Nxa7 Re8 22. Nxc6 Ra8 23. Bc5 Rxa2 24. fxg5 Nxh2 25. Ne7+ Kf7 26. g6+ Ke8 27. Nc6 Nf3+ 28. Kf1 Nh2+ 29. Kg1 Nf3+ 30. Kf1 Nh2+ 31. Kg1 Nf3+ 1/2-1/2

[Event "Edmonton Sect March"]
[Site "Edmonton"]
[Date "2004.03.10"]
[Round "3"]
[White "Haynes, Nicolas"]
[Black "Kazakevich, Anastasia"]
[Result "1/2-1/2"]
[WhiteElo "1968"]
[BlackElo "1862"]
[PlyCount "132"]
[EventDate "2004.02.??"]
[EventType "swiss"]
[EventRounds "5"]
[EventCountry "CAN"]
[SourceTitle "EXT 2006"]
[Source "ChessBase"]
[SourceDate "2005.11.24"]
[SourceVersion "1"]
[SourceVersionDate "2005.11.24"]
[SourceQuality "1"]

1. d4 d5 2. c4 c6 3. Nc3 Nf6 4. Nf3 e6 5. e3 Bd6 6. Qc2 0-0 7. g4 Qe7 8. g5 Nfd7 9. Bd2 dxc4 10. Bxc4 e5 11. 0-0-0 Na6 12. Ne4 exd4 13. Bxa6 bxa6 14. Nxd4 Nc5 15. Nxd6 Qxd6 16. a3 Ne6 17. Nf5 Qc7 18. Bc3 Bb7 19. Nd6 Rad8 20. Nxb7 Qxb7 21. h4 Qb6 22. Qe4 Rfe8 23. Qf5 Rxd1+ 24. Rxd1 Rd8 25. Rxd8+ Qxd8 26. Qe5 Qc7 27. Qxc7 Nxc7 28. Bd4 Kf8 29. Bxa7 Ke7 30. Kd2 Ke6 31. e4 g6 32. Ke3 Nb5 33. Bc5 Nc7 34. f4 Nb5 35. Kf3 Nc7 36. Kg4 Nb5 37. Kf3 Nc7 38. Ke3 Nb5 39. Kd3 Nc7 40. Kc4 Kd7 41. Be3 Ne6 42. Kd3 Nc7 43. Bd4 Nb5 44. Be5 c5 45. Kc4 Kc6 46. Bc3 Nd6+ 47. Kd3 Kb5 48. Ke3 Ka4 49. e5 Nf5+ 50. Ke4 Ne7 51. Be1 Kb3 52. Bf2 Kc4 53. b3+ Kxb3 54. Bxc5 Nf5 55. Kd5 Nxh4 56. e6 fxe6+ 57. Kxe6 Kc4 58. Bd6 Kd4 59. Kf7 Ke4 60. Kg8 Kf5 61. Kxh7 Ke6 62. Be5 Kf7 63. Bc3 Nf5 64. Be1 Nd4 65. Bc3 Nf5 66. a4 Nh4 1/2-1/2

[Event "CAN-ch U20"]
[Site "Calgary"]
[Date "2004.01.06"]
[Round "9"]
[White "Panjwani, Raja"]
[Black "Kazakevich, Anastasia"]
[Result "1-0"]
[WhiteElo "2173"]
[BlackElo "1858"]
[PlyCount "103"]
[EventDate "2004.01.??"]
[EventType "swiss"]
[EventRounds "9"]
[EventCountry "CAN"]
[SourceTitle "EXT 2005"]
[Source "ChessBase"]
[SourceDate "2004.11.15"]
[SourceVersion "1"]
[SourceVersionDate "2004.11.15"]
[SourceQuality "1"]

1. d4 d5 2. Bg5 h6 3. Bh4 Nd7 4. e3 Ngf6 5. Nd2 e6 6. Bd3 Be7 7. Ngf3 0-0 8. c3 c5 9. 0-0 b6 10. a4 a5 11. Qe2 Bb7 12. Ne5 Ne4 13. Bxe7 Qxe7 14. Nxd7 Qxd7 15. Nxe4 dxe4 16. Bb5 Qe7 17. Rfd1 Rfd8 18. dxc5 Qxc5 19. Rd2 Rxd2 20. Qxd2 Qd5 21. Qd4 Qxd4 22. exd4 Rc8 23. Rc1 Bc6 24. Ba6 Ra8 25. Bb5 Rc8 26. Kf1 f5 27. Ke2 Kf7 28. c4 e5 29. c5 Bxb5+ 30. axb5 exd4 31. cxb6 Rb8 32. Rc6 d3+ 33. Kd2 Ke7 34. h4 Kf7 35. h5 Ke7 36. g3 Kf7 37. Rc7+ Kf6 38. b7 Kg5 39. Rxg7+ Kxh5 40. Ke3 Rd8 41. Rd7 Rb8 42. f3 Kg6 43. fxe4 fxe4 44. Kxe4 d2 45. Rxd2 Rxb7 46. Rd6+ Kg5 47. b6 Re7+ 48. Kd4 Re2 49. b3 Rd2+ 50. Kc5 Rb2 51. b7 Rxb3 52. Rb6 1-0

[Event "CAN-ch U20"]
[Site "Calgary"]
[Date "2004.01.04"]
[Round "5"]
[White "Wong, Wylon"]
[Black "Kazakevich, Anastasia"]
[Result "1/2-1/2"]
[WhiteElo "1922"]
[BlackElo "1858"]
[PlyCount "78"]
[EventDate "2004.01.??"]
[EventType "swiss"]
[EventRounds "9"]
[EventCountry "CAN"]
[SourceTitle "EXT 2005"]
[Source "ChessBase"]
[SourceDate "2004.11.15"]
[SourceVersion "1"]
[SourceVersionDate "2004.11.15"]
[SourceQuality "1"]

1. d4 d5 2. c4 c6 3. cxd5 cxd5 4. Nc3 Nc6 5. Bf4 Nf6 6. e3 e6 7. Bb5 Bd7 8. Nf3 Be7 9. 0-0 0-0 10. a3 a6 11. Bxc6 Bxc6 12. b4 Ne4 13. Qb3 Nxc3 14. Qxc3 Bb5 15. Bc7 Qe8 16. Rfc1 Rc8 17. Qd2 Bc4 18. Bb6 Qc6 19. Bc5 Qc7 20. Ne5 b6 21. Bxe7 Qxe7 22. Rc3 b5 23. Nd3 Bxd3 24. Qxd3 Rc4 25. Rac1 Rfc8 26. f3 R8c6 27. Kf1 Qc7 28. Rxc4 Rxc4 29. Rxc4 Qxc4 30. Ke2 g6 31. e4 Qxd3+ 32. Kxd3 f5 33. exd5 exd5 34. Ke3 Kf7 35. h4 h6 36. g4 Kf6 37. Kf4 g5+ 38. hxg5+ hxg5+ 39. Ke3 f4+ 1/2-1/2

[Event "CAN-ch U20"]
[Site "Calgary"]
[Date "2004.01.03"]
[Round "4"]
[White "Baser, Arthur"]
[Black "Kazakevich, Anastasia"]
[Result "1/2-1/2"]
[WhiteElo "1325"]
[BlackElo "1858"]
[PlyCount "56"]
[EventDate "2004.01.??"]
[EventType "swiss"]
[EventRounds "9"]
[EventCountry "CAN"]
[SourceTitle "EXT 2005"]
[Source "ChessBase"]
[SourceDate "2004.11.15"]
[SourceVersion "1"]
[SourceVersionDate "2004.11.15"]
[SourceQuality "1"]

1. e4 c5 2. Nf3 e6 3. d4 cxd4 4. Nxd4 a6 5. Nc3 Nc6 6. Bc4 Qc7 7. Bb3 Nf6 8. Be3 Bb4 9. f3 Na5 10. Bd2 0-0 11. 0-0 Bc5 12. Be3 e5 13. Nf5 g6 14. Nh6+ Kg7 15. Qd2 Nxb3 16. cxb3 b5 17. Rac1 Bxe3+ 18. Qxe3 Qa7 19. Qxa7 Rxa7 20. Ng4 Nxg4 21. fxg4 d5 22. Nxd5 Bxg4 23. Rc6 Rc8 24. Rff6 Rxc6 25. Rxc6 Be6 26. Nb4 a5 27. Na6 Bc8 28. Nc5 Ra8 1/2-1/2

[Event "Alberta-ch (Women)"]
[Site "Calgary"]
[Date "2003.04.??"]
[Round "?"]
[White "Chi, Megan"]
[Black "Kazakevich, Anastasia"]
[Result "0-1"]
[WhiteElo "1392"]
[BlackElo "1747"]
[PlyCount "88"]
[EventDate "2003.04.19"]
[EventType "tourn"]
[EventRounds "5"]
[EventCountry "CAN"]
[SourceTitle "EXT 2017"]
[Source "ChessBase"]
[SourceDate "2016.10.25"]
[SourceVersion "1"]
[SourceVersionDate "2016.10.25"]
[SourceQuality "1"]

1. d4 d5 2. c4 c6 3. cxd5 cxd5 4. Nc3 Nc6 5. Nf3 Nf6 6. Bf4 e6 7. e3 Bd6 8. Bxd6 Qxd6 9. Be2 0-0 10. 0-0 b6 11. Qc2 Bb7 12. Rac1 a6 13. a3 Rfc8 14. Bd3 h6 15. Rfd1 b5 16. Qb3 Na5 17. Qa2 Nc4 18. h3 Rc7 19. b4 Rac8 20. Nd2 Qd7 21. Nxc4 dxc4 22. Be2 Ne4 23. Qc2 Nxc3 24. Qxc3 Qd5 25. Bf3 Qf5 26. Bxb7 Rxb7 27. Rd2 Rd7 28. Rcd1 Rcd8 29. f3 Qd5 30. e4 Qc6 31. Kf2 Qb6 32. Kf1 Qc6 33. Ke2 f5 34. exf5 exf5 35. Kf2 Re7 36. Qc2 Qd5 37. Qc3 Rde8 38. Ra2 f4 39. Qc1 Re3 40. Rc2 g5 41. Rc3 Kg7 42. Rxe3 Rxe3 43. Kf1 Kf6 44. Qb2 Rd3 0-1

[Event "Edmonton-ch"]
[Site "Edmonton"]
[Date "2003.01.02"]
[Round "1"]
[White "Hughey, Micah"]
[Black "Kazakevich, Anastasia"]
[Result "1-0"]
[WhiteElo "2008"]
[BlackElo "1740"]
[PlyCount "119"]
[EventDate "2003.01.02"]
[EventType "k.o."]
[EventRounds "4"]
[EventCountry "CAN"]
[SourceTitle "EXT 2017"]
[Source "ChessBase"]
[SourceDate "2016.10.25"]
[SourceVersion "1"]
[SourceVersionDate "2016.10.25"]
[SourceQuality "1"]

1. d4 d5 2. Nf3 Nf6 3. c4 e6 4. Bg5 Nbd7 5. Nc3 Be7 6. e3 0-0 7. Bd3 dxc4 8. Bxc4 c5 9. 0-0 cxd4 10. exd4 Nb6 11. Bb3 Nfd5 12. Bxe7 Nxe7 13. Qd3 Ned5 14. a3 Nf6 15. Rac1 Bd7 16. Ne5 Rc8 17. Rfe1 Nbd5 18. Nxd5 Nxd5 19. Bxd5 exd5 20. Qb3 Bc6 21. Rc5 Re8 22. Rec1 Qf6 23. h3 h6 24. R1c3 Qd6 25. g3 Qe6 26. Kh2 Qd6 27. Qc2 Re6 28. Qb3 Ree8 29. Rc2 Rf8 30. Nxc6 bxc6 31. Qa4 Qf6 32. Kg2 Qe6 33. Rxc6 Rxc6 34. Rxc6 Qe4+ 35. Kh2 Re8 36. Rc7 Qe1 37. Qc2 g6 38. Rc8 Rxc8 39. Qxc8+ Kg7 40. Qc2 a5 41. Kg2 h5 42. h4 Kh7 43. Qc3 Qe4+ 44. Qf3 Qe6 45. b4 axb4 46. axb4 Kg7 47. b5 Qd7 48. b6 Qb5 49. Qf4 Qxb6 50. Qe5+ Kg8 51. Qe8+ Kg7 52. Qe5+ Kg8 53. Qxd5 Qc7 54. Qe5 Qd7 55. d5 Kf8 56. d6 f5 57. Qf6+ Qf7 58. Qh8+ Qg8 59. Qxg8+ Kxg8 60. d7 1-0

[Event "Alberta-ch Juniors"]
[Site "Red Deer"]
[Date "2002.11.03"]
[Round "5"]
[White "Gagnon, Josh"]
[Black "Kazakevich, Anastasia"]
[Result "1-0"]
[WhiteElo "1652"]
[BlackElo "1793"]
[PlyCount "71"]
[EventDate "2002.11.02"]
[EventType "swiss"]
[EventRounds "5"]
[EventCountry "CAN"]
[SourceTitle "EXT 2017"]
[Source "ChessBase"]
[SourceDate "2016.10.25"]
[SourceVersion "1"]
[SourceVersionDate "2016.10.25"]
[SourceQuality "1"]

1. e4 c6 2. d4 d5 3. exd5 cxd5 4. Bd3 Nc6 5. c3 Nf6 6. Bf4 g6 7. Nf3 Bg7 8. Nbd2 Bf5 9. Bxf5 gxf5 10. Ne5 0-0 11. Ndf3 Ne4 12. Nxc6 bxc6 13. 0-0 Rc8 14. Nd2 Kh8 15. Nxe4 fxe4 16. f3 exf3 17. Rxf3 Rg8 18. Rh3 Bf6 19. Qh5 Rg7 20. Bh6 Rg6 21. Bf8 h6 22. Bxh6 Kg8 23. Rf1 Qe8 24. Rxf6 exf6 25. Bd2 Kf8 26. Qh8+ Ke7 27. Re3+ Kd7 28. Rxe8 Rxe8 29. Qh3+ Kd8 30. Qd3 Reg8 31. g3 Kd7 32. Qa6 Rc8 33. Qxa7+ Rc7 34. Qc5 Rg8 35. Bf4 Rcc8 36. Qd6+ 1-0

[Event "Alberta-ch Juniors"]
[Site "Red Deer"]
[Date "2002.11.02"]
[Round "2"]
[White "Kazakevich, Anastasia"]
[Black "Kazmaier, Daniel"]
[Result "0-1"]
[WhiteElo "1793"]
[BlackElo "1842"]
[PlyCount "134"]
[EventDate "2002.11.02"]
[EventType "swiss"]
[EventRounds "5"]
[EventCountry "CAN"]
[SourceTitle "EXT 2017"]
[Source "ChessBase"]
[SourceDate "2016.10.25"]
[SourceVersion "1"]
[SourceVersionDate "2016.10.25"]
[SourceQuality "1"]

1. d4 Nf6 2. c4 g6 3. Nc3 d5 4. cxd5 Nxd5 5. e4 Nxc3 6. bxc3 Bg7 7. Nf3 c5 8. Be3 0-0 9. Be2 Nc6 10. 0-0 Bg4 11. d5 Ne5 12. Nxe5 Bxe2 13. Qxe2 Bxe5 14. Bxc5 Bxc3 15. Rac1 Bg7 16. Qe3 b6 17. Bd4 Bxd4 18. Qxd4 Qd7 19. Rc3 Rfd8 20. Rfc1 Rac8 21. g3 Rxc3 22. Qxc3 e6 23. dxe6 Qxe6 24. Qc4 Rd1+ 25. Kg2 Rxc1 26. Qxc1 Qxa2 27. Qc8+ Kg7 28. Qc3+ f6 29. Qc7+ Qf7 30. Qb8 Qd7 31. h4 b5 32. Kh2 a5 33. e5 a4 34. exf6+ Kxf6 35. Qf4+ Qf5 36. Qd6+ Kg7 37. Qe7+ Kh6 38. Qe3+ g5 39. hxg5+ Kg6 40. Qe8+ Kxg5 41. Qe3+ Kf6 42. Qb6+ Ke7 43. Qc7+ Qd7 44. Qe5+ Kf7 45. Qh5+ Ke6 46. Qg4+ Kd6 47. Qd4+ Kc6 48. Qc3+ Kb6 49. Qe3+ Ka5 50. Qc3+ Kb6 51. Qe3+ Kb7 52. Qe4+ Ka6 53. Qa8+ Kb6 54. Qb8+ Ka5 55. Qa8+ Kb4 56. Qe4+ Kc3 57. Qe3+ Qd3 58. Qe1+ Kb3 59. Qe6+ Ka3 60. Qe7+ b4 61. Qc5 Qd2 62. Qf5 b3 63. Qc5+ Ka2 64. Qc4 Qxf2+ 65. Kh3 Qc2 66. Qb4 a3 67. Qd4 b2 0-1

[Event "Edmonton Spring Section B"]
[Site "Edmonton"]
[Date "2002.06.15"]
[Round "2"]
[White "Kazakevich, Anastasia"]
[Black "Day, Jonathan"]
[Result "1/2-1/2"]
[WhiteElo "1825"]
[BlackElo "1778"]
[PlyCount "80"]
[EventDate "2002.06.15"]
[EventType "tourn"]
[EventRounds "5"]
[EventCountry "CAN"]
[SourceTitle "EXT 2017"]
[Source "ChessBase"]
[SourceDate "2016.10.25"]
[SourceVersion "1"]
[SourceVersionDate "2016.10.25"]
[SourceQuality "1"]

1. d4 e6 2. c4 Nf6 3. Nc3 Bb4 4. Bd2 a6 5. e3 0-0 6. Nge2 d5 7. a3 Ba5 8. b4 Bb6 9. c5 Ba7 10. Nf4 c6 11. Bd3 Nbd7 12. 0-0 Bb8 13. Nce2 Qc7 14. Ng3 g6 15. h4 e5 16. dxe5 Nxe5 17. Bc3 Re8 18. Qc2 Nxd3 19. Qxd3 Qe7 20. Qd4 Be5 21. Qxe5 Qxe5 22. Bxe5 Rxe5 23. Rad1 Ne4 24. Nxe4 Rxe4 25. Rd4 Bf5 26. Rfd1 Rae8 27. Kf1 Kg7 28. Rxe4 Rxe4 29. Rd4 f6 30. Rxe4 dxe4 31. Ne2 Be6 32. Nd4 Kf7 33. Ke2 f5 34. Kd2 Bd5 35. Kc3 Kf6 36. Ne2 Ke5 37. Nf4 Bf7 38. g3 Bd5 39. Nh3 h6 40. Nf4 Bf7 1/2-1/2

[Event "Anastasia Cup"]
[Site "Edmonton"]
[Date "2002.05.26"]
[Round "4"]
[White "Gomboc, Dave"]
[Black "Kazakevich, Anastasia"]
[Result "1/2-1/2"]
[WhiteElo "1891"]
[BlackElo "1761"]
[PlyCount "82"]
[EventDate "2002.05.25"]
[EventType "tourn"]
[EventRounds "5"]
[EventCountry "CAN"]
[SourceTitle "EXT 2017"]
[Source "ChessBase"]
[SourceDate "2016.10.25"]
[SourceVersion "1"]
[SourceVersionDate "2016.10.25"]
[SourceQuality "1"]

1. e4 c6 2. d4 d5 3. exd5 Qxd5 4. Nc3 Qa5 5. Bc4 Nf6 6. Bd2 Qb6 7. Nf3 Bg4 8. d5 cxd5 9. Nxd5 Nxd5 10. Bxd5 e6 11. h3 Bxf3 12. Bxf3 Bc5 13. 0-0 0-0 14. b4 Bd4 15. c3 Bf6 16. Be3 Qc7 17. Rc1 Rd8 18. Qb3 Nc6 19. c4 Nd4 20. Bxd4 Rxd4 21. Rfd1 Rad8 22. Rxd4 Rxd4 23. g3 b6 24. Kg2 Qd8 25. Rc2 Rd3 26. Qa4 Qd7 27. Qxd7 Rxd7 28. c5 bxc5 29. Rxc5 Kf8 30. Rc2 Ke7 31. b5 Bd4 32. Bc6 Rd8 33. Kf3 Bb6 34. Ke2 Rd6 35. f3 h6 36. h4 e5 37. g4 f6 38. h5 Rd4 39. Rd2 Kd6 40. Rxd4+ exd4 41. Kd3 Ke5 1/2-1/2